| 000 | 00000nam##2200000za#4500 |
| 001 | 9.606620 |
| 003 | CaOODSP |
| 005 | 20210624212721 |
| 007 | cr ||||||||||| |
| 008 | 150406|1998||||xxc|||||o f|0| 0 fre|d |
| 040 | |aCaOODSP|bfre |
| 043 | |an-cn--- |
| 086 | 1 |aFs76-1/A3-15-1998F-PDF |
| 110 | 1 |aCanada. |bMinistère des pêches et des océans. |bRégion des Maritimes. |
| 245 | 10|aLimande à queue jaune du banc Georges |h[ressource électronique] |
| 260 | |aDartmouth - Nouvelle-Écosse : |bPêches et Océans Canada. |cMai 1998. |
| 300 | |a7p.|bgraphiques, ill., carte, références, tableaux |
| 490 | 1 |aRapport sur l'état des stocks |vA3-15(1998) |
| 590 | |a14-12-Supp|b2014-05-30 |
| 775 | 08|tYellowtail flounder on Georges Bank |w(CaOODSP)9.578864 |
| 830 | #0|aRapport sur l'état des stocks ;|vA3-15(1998)|w(CaOODSP)9.502627 |
| 856 | 40|ahttp://publications.gc.ca|qPDF|s124 Ko|uhttps://publications.gc.ca/collections/collection_2014/mpo-dfo/Fs76-1-A3-15-1998-fra.pdf|yA3-15(1998) |